=LDR 00000nam 2200000 4500 =001 INLIS000000000046584 =005 20150413120119.0 =006 =007 =008 =035 ##$$0010-041500000000066 =082 ##$$a 028.5 =090 ##$$a 028.5 kee a.5 =100 ##$$a keen achroni =245 ##$$aanak kreatif =260 ##$$a buku kita =300 ##$$a hlm. 24 =850 ##$$a NPBMAT